Catálogo
 En Linea

Destello de luces : (Registro nro. 49367)

Detalles MARC
000 -CABECERA
campo de control de longitud fija 00597nam a22002177a 4500
003 - IDENTIFICADOR DEL NÚMERO DE CONTROL
campo de control DO-SdBNP
005 - FECHA Y HORA DE LA ÚLTIMA TRANSACCIÓN
campo de control 20220531084008.0
007 - CAMPO FIJO DE DESCRIPCIÓN FÍSICA--INFORMACIÓN GENERAL
campo de control de longitud fija ta
008 - DATOS DE LONGITUD FIJA--INFORMACIÓN GENERAL
campo de control de longitud fija 210215n dr ||||er|||| 001 0dspa d
040 ## - FUENTE DE LA CATALOGACIÓN
Centro catalogador/agencia de origen DO-SdBNP
Lengua de catalogación spa
Centro/agencia transcriptor BNPHU
041 ## - CÓDIGO DE LENGUA
Código de lengua original spa
082 #4 - NÚMERO DE LA CLASIFICACIÓN DECIMAL DEWEY
Número de clasificación BNPHU
Número de documento/Ítem M516d
100 1# - ENTRADA PRINCIPAL--NOMBRE DE PERSONA
Nombre de persona Mejía Sarmiento, Federico,
Fechas asociadas al nombre 1961-
9 (RLIN) 77767
245 1# - MENCIÓN DE TÍTULO
Título Destello de luces :
Resto del título de la vida al aprendiz /
Mención de responsabilidad, etc. Federico Mejía Sarmiento
260 ## - PUBLICACIÓN, DISTRIBUCIÓN, ETC.
Lugar de publicación, distribución, etc. [El Seibo] :
Nombre del editor, distribuidor, etc. [s.n] ,
Fecha de publicación, distribución, etc. [s.f.]
300 ## - DESCRIPCIÓN FÍSICA
Extensión 73 p. ;
Dimensiones 25 cm
505 0# - NOTA DE CONTENIDO CON FORMATO
Nota de contenido con formato Mi patria.
590 ## - NOTA LOCAL (RLIN)
Nota local Inventariado, 2021/MF
910 ## - DATOS DE OPCIÓN DEL USUARIO (OCLC)
Datos de opción del usuario Mfeliz
942 ## - ELEMENTOS DE PUNTO DE ACCESO ADICIONAL (KOHA)
Fuente del sistema de clasificación o colocación Dewey Decimal Classification
Tipo de ítem Koha Libro
Existencias
Estado de retiro Estado de pérdida Fuente del sistema de clasificación o colocación No para préstamo Código de colección Localización permanente Ubicación/localización actual Ubicación en estantería Fecha de adquisición Fuente de adquisición Total de préstamos Signatura topográfica completa Código de barras Fecha visto por última vez Precio válido a partir de Tipo de ítem Koha Número de copia
    Dewey Decimal Classification Préstamo en sala Dominicana de Servicio Biblioteca Nacional Pedro Henríquez Ureña Dominicana Depósito 21.02.2020 Donado por Federico Mejía   BNPHU DS M516d 2021-0171 15.02.2021 15.02.2021 Libro y Folleto Colección Dominicana de Servicio e.3
    Dewey Decimal Classification Excluido de préstamo Patrimonio Dominicano Biblioteca Nacional Pedro Henríquez Ureña Patrimonio Dominicano Depósito 21.02.2020 Donado / Federico Mejía   BNPHU PD M516d 2021-0169 15.02.2021 15.02.2021 Libro y Folleto Colección Patrimonio Dominicano  
    Dewey Decimal Classification Excluido de préstamo Patrimonio Dominicano Biblioteca Nacional Pedro Henríquez Ureña Patrimonio Dominicano Depósito 21.02.2020 Donado / Federico Mejía   BNPHU PD M516d 2021-0170 15.02.2021 15.02.2021 Libro y Folleto Colección Patrimonio Dominicano e.2

Con tecnología Koha